Statistics for Dumbledore's Middle Names

Click here to take the quiz!

General Stats

  • This quiz has been taken 30 times
  • The average score is 4 of 5

Answer Stats

HintAnswer% Correct
First NameAlbus
100%
Fourth NameBrian
93%
Fifth NameDumbledore
93%
Second NamePercival
85%
Third NameWulfric
78%

Score Distribution

Percentile by Number Answered

Percent of People with Each Score

Your Score History

You have not taken this quiz